000
00195 a2200097 4500
020
_a
9780688132002
041
_a
spa
100
_a
Vera B. Williams
245
_a
Un Sillon para mi Mama
942
_c
K
999
_c
30501
_d
30499